| 000 | 00457nam a2200181 a 4500 | ||
|---|---|---|---|
| 001 | 13471 | ||
| 005 | 20180713201841.0 | ||
| 008 | 140415d 000 0 eng d | ||
| 041 | _aeng | ||
| 082 |
_a808.833 _bGRE |
||
| 100 | 1 | _aCATHER, WILLA | |
| 245 | 1 | 0 | _aDEATH COMES FOR THE ARCHBISHOP |
| 250 | _a1a ed. | ||
| 260 |
_a[s.l.] : _bBANTAM, _c[s.f.] |
||
| 300 | _a295 | ||
| 490 | _aTHE GREATEST HISTORICAL NOVELS | ||
| 650 | 1 | 4 | _aNOVELA |
| 999 |
_c13471 _d13471 |
||